000 00814nam a2200229Ia 4500
003 GCL
008 140319s9999 xx 000 0 ara d
020 _a2035307977
040 _aGCL /
_cGCL
082 0 4 _a001.6425
_bش ف \\=aخالد العامرىv
245 1 0 _aفوتو شوب PHOTOSHOP :
_bفى خطوات سهلة: IN EASY STEPS
700 1 _aشافلبوسام، روبرت
700 1 _aاسماء احمد عليوة
250 _aالاولى
260 _aالقاهرة :
_bدار الفاروق للنشر والتوزيع ،
_c1999
300 _a188 ص:
_bايض ؛
_c24 سم
650 0 4 _aالحاسبات الالكترونية
650 0 4 _aالبرامج الالية
650 0 4 _aالحاسبات الالكترونية - برامج
650 0 4 _aفوتو شوب
942 _2ddc
_cBK
999 _c4981
_d4981